00765nam a2200241 a 4500001001300000003000900013005001700022008004100039020001000080082001600090100001400106245006100120260006200181300000900243500003500252505003700287650003400324700001400358902000800372942000700380952011900387999001700506nice12345678IN_TiNIC20260116015204.0050524s1998 hyda grp 000 0 eng  ac10000a303.61bRES aRessler,  aTransforming Conflictb Skills for Political Peacemaking aHyderabadbInst.Of Indo-Middle East Cultural Studiec1998 a236p aincludes index and biblioraphy2 aUnpublished Computer Print Draft aConflict Resolution-Mediation1 aRessler,  bSRS cBK 001040708StackRoom-aHMIbHMId2009-10-21g100.00l0o303.61 RESp11000956r2009-10-21v100.00w2005-05-24yBK c18683d18683